| 000 | 00000nam##2200000za#4500 |
| 001 | 9.600620 |
| 003 | CaOODSP |
| 005 | 20210624205655 |
| 007 | cr ||||||||||| |
| 008 | 150406|2006||||xxc|||||o f|0| 0 fre|d |
| 040 | |aCaOODSP|bfre |
| 043 | |an-cn--- |
| 086 | 1 |aNH18-1/6-3-2006F-PDF |
| 110 | 2 |aSociété canadienne d'hypothèques et de logement. |
| 245 | 13|aLa situation résidentielle et les besoins en logement des immigrants récents dans la région métropolitaine de Montréal / |h[ressource électronique]|c[par] Damaris Rose, Annick Germain et Virginie Ferreira. |
| 260 | |aOttawa - Ontario : |bSociété canadienne d'hypothèques et de logement |c2006. |
| 300 | |a104p.|bgraphiques, cartes, références, tableaux |
| 490 | 1 |aRapport de recherche |
| 500 | |a«Le troisième d'une série de cinq volumes pour le projet La situation et les besoins en matière de logements des immigrants récents dans les RMR de Montréal, Toronto et Vancouver»--page 3 de 104. |
| 590 | |a11-08-Supp|b2011-06-16 |
| 720 | 1 |aRose, Damaris |
| 720 | 1 |aGermain, Annick |
| 720 | 1 |aFerreira, Virginie |
| 775 | 08|tThe housing situation and needs of recent immigrants in the Montréal metropolitan area / |w(CaOODSP)9.569519 |
| 830 | #0|aResearch report (Société canadienne d'hypothèques et de logement : En ligne)|w(CaOODSP)9.502470 |
| 856 | 40|ahttp://publications.gc.ca|qPDF|s981 Ko|uhttps://publications.gc.ca/collections/collection_2011/schl-cmhc/nh18-1/NH18-1-6-3-2006-fra.pdf |